| 000 | 00716nac a22001931u 4500 | ||
|---|---|---|---|
| 010 | _a 93043795 | ||
| 020 | _a013079211X | ||
| 082 | 0 | 0 |
_a620.0011 _bJ915 |
| 090 |
_c3823 _d3823 |
||
| 100 | _aJuang, Jer-Nan. | ||
| 245 | 1 | 0 |
_aApplied system identification / _cJer-Nan Juang. |
| 260 |
_aEnglewood Cliffs, N.J. : _bPrentice Hall,1994 _cc1994. |
||
| 300 |
_axix, 394 p. : _bill. ; _c25 cm. |
||
| 504 | _aIncludes bibliographical references (p. 373-381) and index. | ||
| 650 | 0 | _aSystems engineering. | |
| 650 | 0 | _aSystem identification. | |
| 942 |
_cBB _k620.0011J915 |
||
| 999 |
_c3823 _d3823 |
||